000
00320nam a2200133Ia 4500
005
20251222141836.0
008
251222s9999||||xx |||||||||||||| ||spa||
020
_a
88-88405-18-6
082
_a
858.9/C91/Ej.2
100
_a
Croce, Giulio Cesare
245
0
_a
Bertoldo
264
_b
Arci Solidarieta Cesenate
942
_c
LIB
999
_c
7259
_d
7259